Vplyv digitalizácie ekonomiky na trh práce a na spotrebu bakalárska práca

Gespeichert in:
Bibliographische Detailangaben
1. Verfasser: Dzurová, Lea
Körperschaften: Národohospodárska fakulta EU. Katedra ekonómie, Univerzita Komenského v Bratislave. Právnická fakulta
Weitere Verfasser: Adamovský, Peter, 1990-
Format: Buch
Sprache:Slowakisch
Veröffentlicht: Bratislava 2022
Tags: Tag hinzufügen
Keine Tags, Fügen Sie das erste Tag hinzu!

MARC

LEADER 00000nbm a2200000 4500
001 0284951
005 20230303105228.4
041 0 |a slo 
044 |a SK 
245 1 0 |a Vplyv digitalizácie ekonomiky na trh práce a na spotrebu  |b bakalárska práca  |c Lea Dzurová ; školiteľ: Peter Adamovský 
264 1 |a Bratislava  |c 2022 
300 |a 58 s. 
100 1 |a Dzurová, Lea 
700 1 |a Adamovský, Peter, 1990- 
710 2 |a Národohospodárska fakulta EU. Katedra ekonómie 
710 2 |a Univerzita Komenského v Bratislave. Právnická fakulta